000
00258nam a22001217a 4500
020
_a
9780340978900
082
_a
823
_b
PIC
100
_a
Jodi Picoult
_9
857
245
_a
Harvesting the Heart
260
_a
America
_b
Hodder
_c
2011
300
_a
508
942
_c
BK
999
_c
35862
_d
35862